Midnight in the garden of good and evil : (Record no. 21045)

MARC details
000 -LEADER
fixed length control field 01452cam a2200337 a 4500
001 - CONTROL NUMBER
control field 1105191
003 - CONTROL NUMBER IDENTIFIER
control field mut
005 - DATE AND TIME OF LATEST TRANSACTION
control field 20240606081530.0
008 - FIXED-LENGTH DATA ELEMENTS--GENERAL INFORMATION
fixed length control field 930326s1994 nyu 000 0deng
010 ## - LIBRARY OF CONGRESS CONTROL NUMBER
LC control number 93003955
020 ## - INTERNATIONAL STANDARD BOOK NUMBER
International Standard Book Number 0679429220 :
Terms of availability $23.00
040 ## - CATALOGING SOURCE
Original cataloging agency DLC
Transcribing agency MUT
Modifying agency DLC
043 ## - GEOGRAPHIC AREA CODE
Geographic area code n-us-ga
050 00 - LIBRARY OF CONGRESS CALL NUMBER
Classification number F294.S2
Item number B48 1994
082 00 - DEWEY DECIMAL CLASSIFICATION NUMBER
Classification number 975.8/724
Edition information 20
100 1# - MAIN ENTRY--PERSONAL NAME
Personal name Berendt, John,
Dates associated with a name 1939-
245 10 - TITLE STATEMENT
Title Midnight in the garden of good and evil :
Remainder of title a Savannah story /
250 ## - EDITION STATEMENT
Edition statement 1st ed.
260 ## - PUBLICATION, DISTRIBUTION, ETC.
Place of publication, distribution, etc. New York :
Name of publisher, distributor, etc. Random House,
Date of publication, distribution, etc. c1994.
300 ## - PHYSICAL DESCRIPTION
Extent 388 p. ;
Dimensions 25 cm.
600 10 - SUBJECT ADDED ENTRY--PERSONAL NAME
Personal name Williams, Jim,
Dates associated with a name -1990.
650 #0 - SUBJECT ADDED ENTRY--TOPICAL TERM
Topical term or geographic name entry element Trials (Murder)
Geographic subdivision Georgia
-- Savannah.
651 #0 - SUBJECT ADDED ENTRY--GEOGRAPHIC NAME
Geographic name Savannah (Ga.)
General subdivision Social life and customs.
651 #0 - SUBJECT ADDED ENTRY--GEOGRAPHIC NAME
Geographic name Savannah (Ga.)
General subdivision History.
856 42 - ELECTRONIC LOCATION AND ACCESS
Materials specified Contributor biographical information
Uniform Resource Identifier <a href="http://www.loc.gov/catdir/bios/random056/93003955.html">http://www.loc.gov/catdir/bios/random056/93003955.html</a>
856 41 - ELECTRONIC LOCATION AND ACCESS
Materials specified Sample text
Uniform Resource Identifier <a href="http://www.loc.gov/catdir/samples/random044/93003955.html">http://www.loc.gov/catdir/samples/random044/93003955.html</a>
856 42 - ELECTRONIC LOCATION AND ACCESS
Materials specified Publisher description
Uniform Resource Identifier <a href="http://www.loc.gov/catdir/description/random0411/93003955.html">http://www.loc.gov/catdir/description/random0411/93003955.html</a>
906 ## - LOCAL DATA ELEMENT F, LDF (RLIN)
a 7
b cbc
c orignew
d 1
e ocip
f 19
g y-gencatlg
942 ## - ADDED ENTRY ELEMENTS (KOHA)
Source of classification or shelving scheme Library of Congress Classification
Koha item type Books
Holdings
Withdrawn status Lost status Source of classification or shelving scheme Damaged status Not for loan Home library Current library Shelving location Date acquired Source of acquisition Total checkouts Full call number Barcode Date last seen Price effective from Koha item type
    Library of Congress Classification     MUT Mariira Campus Library MUT Mariira Campus Library General stacks 19/10/2024 Donation-TFC   F294.S2 B48 1994 029288 19/10/2024 19/10/2024 Books
    Library of Congress Classification     Murang'a University of Technology Library Murang'a University of Technology Library General stacks 20/01/2022 Donations - TFC   F294.S2 B48 1994 029068 30/08/2024 20/01/2022 Books
    Library of Congress Classification     Murang'a University of Technology Library Murang'a University of Technology Library General stacks 21/01/2022 Donations-TFC   F294.S2 B48 1994 029149 30/08/2024 21/01/2022 Books
    Library of Congress Classification     Murang'a University of Technology Library Murang'a University of Technology Library General stacks 31/01/2022 Donation-TFC   F294.S2 B48 1994 029179 30/08/2024 31/01/2022 Books